000 00529nam a22001817a 4500
003 OSt
005 20251118155842.0
008 251118b |||||||| |||| 00| 0 eng d
020 _a9780393929522
040 _cChuka University Library
050 _aHM 621
_b.G73 2010
100 _aGrazian, David
_922763
245 _aMix it up ;popular culture, mass media, and society
260 _aNewyork
_bW.W.Norton
_c2010
300 _a238p.
650 _a1.Popular culture 2.Mass Media ---social aspects
_922764
942 _2lcc
_cBK
_n0
999 _c21272
_d21272